Roblox PCD Miasta - Statystyki

Ogólne statystyki
  • Ten quiz został rozwiązany 414 razy
    297 od ostatniego zresetowania
  • Średni wynik to 14 z 17
Statystyki odpowiedzi
Podpowiedź Miasto % Poprawnych
Pizza u Andrzeja Darłowo
98%
Pierwsze Miasto Sławno
95%
Jest tam najpopurlanieszyBar Bobrowice
91%
Zamiast ce jest wiczki Bobrowiczki
89%
Leonardia Krupy
88%
Kurier Malechowo
85%
Obok Krup Stary Jarosław
84%
Rondo DW205 Grzybno
83%
Był tam event Malechówko
78%
Jest tam Among us Słowino
78%
Beznadzjena droga Smardzewo
77%
Jest za lasem Domasławice
76%
Jest tam Mechanik Karwice
72%
Jest Podobne do Słowina Sęczkowo
72%
Sprzedają tam Jagody Darłowiec
71%
Mała wieś (Nic Nie ma) Pątnowo
71%
Płacisz tam hajs Rzyszczewo
50%
Nie znaleziono quizów pasujących do podanych kryteriów
Rozkład punktacji
Procent ludzi z każdym wynikiem
Percentyl według liczby udzielonych odpowiedzi
Twoja historia wyników
Nie rozwiązałeś tego quizu od ostatniego zresetowania